MARC

LEADER 00000naa2a2200000 4500
001 671244
005 20241014140259.0
090 |a 671244 
100 |a 20240306d2023 k||y0rusy50 ca 
101 0 |a rus 
102 |a RU 
135 |a drcn ---uucaa 
200 1 |a Энергоэффективность устройства для получения порошка высокоэнтропийных карбидов  |f А. А. Свинухова, А. П. Корчагина  |g науч. рук. А. Я. Пак ; Национальный исследовательский Томский политехнический университет 
225 |a Энергосбережение и энергоэффективность 
283 |2 RDAcarrier 
320 |a Список использованных источников: с. 459 
336 |a Текстовый файл 
463 1 |0 670860  |9 670860  |c Томск  |d 2023  |n Изд-во ТПУ  |o сборник статей III Всероссийской с международным участием молодёжной конференции, 12-14 декабря 2023 г., Томск  |p 1 файл (49,5 Мб, 606 с.)  |t Бутаковские чтения  |a Ивашутенко, А. С. (специалист в области электротехники ; 1981-)  |u conference_tpu-2023-C133.pdf  |v С. 457-459 
610 1 |a труды учёных ТПУ 
610 1 |a электронный ресурс 
610 1 |a энергоэффективность 
610 1 |a высокоэнтропийные карбиды 
610 1 |a электродуговой синтез  
700 1 |a Свинухова  |b А. А.  |c специалист в области электроэнергетики  |c инженер Томского политехнического университета  |f 1999-  |g Арина Андреевна  |y Томск  |9 88532 
701 1 |a Корчагина  |b А. П.  |c старший лаборант Томского политехнического университета  |f 2000-  |g Анастасия Павловна  |9 22774 
702 1 |a Пак  |b А. Я.  |c специалист в области электротехники  |c научный сотрудник Томского политехнического университета, кандидат технических наук  |f 1986-  |g Александр Яковлевич  |4 727 
712 0 2 |a Национальный исследовательский Томский политехнический университет  |c (2009- )  |9 26305 
801 0 |a RU  |b 63413507  |c 20240306 
850 |a 63413507 
856 |u http://earchive.tpu.ru/handle/11683/77561  |z http://earchive.tpu.ru/handle/11683/77561 
942 |c CF